• 首页
  • 本馆介绍
  • 公告通知
  • 最新文献
  • 馆藏检索
  • 电子资源
  • 读者导购
  • 参考咨询
  • 我的图书馆
  • 登录
  • 详细信息显示
  • 放入我的书架
  • 预约/预借图书
  • 作者相关作品
  • 分类相关作品
  • 丛书相关作品
  • 出版社相关作品

书目信息

  • 表格格式
  • 工作单格式
  • 卡片格式
题名:
汉语与中华传统文化研究
    
 
作者: 蔡英杰 著
分册:  
出版信息: 北京   中央编译出版社  2020.04
页数: 431页
开本: 25cm
丛书名: 中国当代研学丛书
单 册:
中图分类: H1 , K203
科图分类:
主题词: 汉语--han yu--关系--中华文化--研究
电子资源:
ISBN: 978-7-5117-3855-4
000 01766oam2 2200301 450
001 2159549124
005 20211011172912.0
010    @a978-7-5117-3855-4@b精装@dCNY99.00
100    @a20200727d2020 em y0chiy0120 ea
101 0  @achi
102    @aCN@b110000
105    @aa az 000yy
106    @ar
200 1  @a汉语与中华传统文化研究@Ahan yu yu zhong hua chuan tong wen hua yan jiu@f蔡英杰著
210    @a北京@c中央编译出版社@d2020.04
215    @a431页@c图@d25cm
225 2  @a中国当代研学丛书@Azhong guo dang dai yan xue cong shu@i文化
314    @a蔡英杰,1966年2月生,河南大学文学硕士,安徽大学汉语言文字学文学博士,博士后学校为山东大学。教授,中国语言学会理事。出版著作4部,发表论文50余篇。获得云南省哲学社会科学成果奖2等奖1项,云南省哲学社会科学成果奖3等奖2项,云南省教育科学研究优秀成果奖1项,云南大学优秀教学成果奖1项。
320    @a有书目
330    @a本书分五部分。第一部分为语源探索。主要从语源上探索汉语词语的本义以及汉语同义词之间的差异。第二部分为训诂的理论与实践,在理论上将训诂分为语言的训诂与言语的训诂,训诂实践严格遵循相应的训诂方法与程序,新见迭出,多能发人所未发。第三部分为语法研究,果既注重语言材料,又注重理论方法;既注重描写,又注重解释;既注重通语语法,又注重方言语法,既注重古代语法,又注重近现代语法。第四部分是汉语与汉文化,主要从语言入手,运用历史学、民族学、文化学多学科结合的研究方法,解决中华民族历史文化的若干重大问题,如夏族的图腾问题、商族的起源问题、帝与生殖崇拜的关系问题、天干、地支与太阳循环的关系问题等。第五部分为新词语与词语新义,论述了若干新词语与词语新义的产生路径。
461  0 @12001 @a中国当代研学丛书
462  0 @12001 @a文化
606 0  @a汉语@Ahan yu@x关系@x中华文化@x研究
690    @aH1@v5
690    @aK203@v5
701  0 @a蔡英杰@Acai ying jie@4著
801  0 @aCN@b百万庄@c20211009
905    @b1308636-39@dH1@e192@f4
    
    汉语与中华传统文化研究/蔡英杰著.-北京:中央编译出版社,2020.04
    431页:图;25cm.-(中国当代研学丛书.文化)
    
    
    ISBN 978-7-5117-3855-4(精装):CNY99.00
    本书分五部分。第一部分为语源探索。主要从语源上探索汉语词语的本义以及汉语同义词之间的差异。第二部分为训诂的理论与实践,在理论上将训诂分为语言的训诂与言语的训诂,训诂实践严格遵循相应的训诂方法与程序,新见迭出,多能发人所未发。第三部分为语法研究,果既注重语言材料,又注重理论方法;既注重描写,又注重解释;既注重通语语法,又注重方言语法,既注重古代语法,又注重近现代语法。第四部分是汉语与汉文化,主要从语言入手,运用历史学、民族学、文化学多学科结合的研究方法,解决中华民族历史文化的若干重大问题,如夏族的图腾问题、商族的起源问题、帝与生殖崇拜的关系问题、天干、地支与太阳循环的关系问题等。第五部分为新词语与词语新义,论述了若干新词语与词语新义的产生路径。
●
相关链接 在E读中查询图书 在五车中查询图书 在当当中查询图书 在豆瓣中查询图书


正题名:汉语与中华传统文化研究     索取号:H1/192         预约/预借

序号 登录号 条形码 馆藏地/架位号 状态 备注
1 1308636   213086364   第二样本阅览室/ [索取号:H1/192] 在馆    
2 1308637   213086373   第四借阅区/ [索取号:H1/192] 在馆    
3 1308638   213086382   第四借阅区/ [索取号:H1/192] 在馆    
4 1308639   213086391   第四借阅区/ [索取号:H1/192] 在馆    
唐山师范学院图书馆 欢迎您!
大连网信软件有限公司© 版权所有